Platería hispanoamericana (Record no. 771)

MARC details
000 -CABECERA
campo de control de longitud fija 00773nam a2200181 a 4500
001 - NÚMERO DE CONTROL
campo de control BRCA_876
005 - FECHA Y HORA DE LA ÚLTIMA TRANSACCIÓN
campo de control 20190320203204.0
008 - DATOS DE LONGITUD FIJA--INFORMACIÓN GENERAL
campo de control de longitud fija 290805s1984-------a---###---#000-0#spa-d
020 ## - NÚMERO INTERNACIONAL ESTÁNDAR DEL LIBRO
Número Internacional Estándar del Libro 8439817711
050 #4 - SIGNATURA TOPOGRÁFICA DE LA BIBLIOTECA DEL CONGRESO
Número de clasificación NK7112.5
Número de documento/Ítem .P53 1984
245 10 - MENCIÓN DE TÍTULO
Título Platería hispanoamericana
Resto del título siglos XVI-XIX.
260 ## - PUBLICACIÓN, DISTRIBUCIÓN, ETC.
Lugar de publicación, distribución, etc. Badajoz
Nombre del editor, distribuidor, etc. [s.n.]
Fecha de publicación, distribución, etc. 1984
300 ## - DESCRIPCIÓN FÍSICA
Extensión 108 p.
Otras características físicas il.
Dimensiones 28 cm.
500 ## - NOTA GENERAL
Nota general Catálogo de la exposición diocesana badajocense Preparatoria a los actos conmemorativos del V Centenario del Descubrimiento de América realizada en la Sala Capitular de la S.I. Catedral de Badajoz, 8-15 junio, 1984
650 14 - PUNTO DE ACCESO ADICIONAL DE MATERIA--TÉRMINO DE MATERIA
Término de materia o nombre geográfico como elemento de entrada Platería
Subdivisión de forma Exposiciones
Subdivisión cronológica Siglos XVIII y XIX
Subdivisión geográfica América Latina
9 (RLIN) 2922
650 14 - PUNTO DE ACCESO ADICIONAL DE MATERIA--TÉRMINO DE MATERIA
Término de materia o nombre geográfico como elemento de entrada Platería
Subdivisión de forma Exposiciones
Subdivisión cronológica Siglos XVI y XVII
Subdivisión geográfica América Latina
9 (RLIN) 2923
942 ## - ELEMENTOS DE PUNTO DE ACCESO ADICIONAL (KOHA)
Fuente del sistema de clasificación o colocación Library of Congress Classification
Tipo de ítem Koha Libros
Holdings
Estado de retiro Estado de pérdida Estado dañado No para préstamo Localización permanente Ubicación/localización actual Fecha de adquisición Total de préstamos Signatura topográfica completa Código de barras Fecha visto por última vez Precio válido a partir de Tipo de ítem Koha
El ejemplar forma parte de la colección y puede ser consultado según las políticas vigentes.       Biblioteca del Museo Franz Mayer (Rogerio Casas-Alatriste) Biblioteca del Museo Franz Mayer (Rogerio Casas-Alatriste) 26/06/2008   NK7112.5 .P53 1984 01350 22/03/2019 22/03/2019 Libros